| 000 | 00544nam a2200169Ia 4500 | ||
|---|---|---|---|
| 008 | 180921t2015 xxu||||| |||| 00| 0 sin d | ||
| 041 | _asin | ||
| 080 |
_a0343 _bKOD |
||
| 100 | _aKodikara, Sarathchandra | ||
| 245 | _aමරණය‚ මරණ පරීක්ෂණය සහ ලියාපදිංචිය | ||
| 246 | _aMaranaya, Marana Pareekshanaya Saha Liyapadinchiya | ||
| 260 |
_bDayawansha Jayakodi Saha Samagama _aColombo _c2015 |
||
| 300 | _b136p, 21cm | ||
| 942 | _cBK | ||
| 999 |
_c3036 _d3036 |
||
| 003 | LK-CoDNM | ||
| 040 |
_aLK-CoDNM _dLK-CoDNM _eLK-CoDNM |
||